Industrias de la granja : pavos, patos y gansos /
Guardado en:
| Autor Principal: | |
|---|---|
| Formato: | Libro |
| Idioma: | Spanish |
| Publicado: |
Buenos Aires :
Sudamericana,
c1944.
|
| Etiquetas: |
Agregar Etiqueta
Sin Etiquetas, Sea el primero en etiquetar este registro!
|
| LEADER | 00449nam a22001335a 4500 | ||
|---|---|---|---|
| 001 | EUN.um048708 | ||
| 008 | 041125s1944####ag#a##########000#0#spa#d | ||
| 005 | 20160504105732.0 | ||
| 245 | 1 | 0 | |a Industrias de la granja : |b pavos, patos y gansos / |c Eduardo H. Grisolia. |
| 260 | |a Buenos Aires : |b Sudamericana, |c c1944. | ||
| 300 | |a 201 p. : |b il. ; |c 18 cm. | ||
| 100 | 1 | |a Grisolia, Eduardo H. | |
| 082 | 0 | 4 | |a 636.59 |
| 859 | |a Ar-BaUNS |b BIB. CENTRAL - Sector C |h 636.59 |i G888 |p 481/950 | ||
